Hỏi đáp khoa học : Khoa học gắn liền với thực tiễn (Cuốn sổ tay của mọi đối tượng trong học tập và nghiên cứu)

Quyển sách nêu lên và giải tích 2000 vấn đề cốt lõi về vật lý, hóa học và công nghệ, thực sự là cuốn sách gợi hứng thú cho mọi người khi cần dùng ở nhà, ở trường, nhất là đối với học sinh và sinh vên cần thực hiện các báo cáo c...

Descrición completa

Gardado en:
Detalles Bibliográficos
Autor Principal: Phạm, Văn Khiết
Formato: Libro
Idioma:Undetermined
Publicado: Hà Nội Văn hóa Thông tin 2006
Những chủ đề:
Các nhãn: Engadir etiqueta
Sen Etiquetas, Sexa o primeiro en etiquetar este rexistro!
Thư viện lưu trữ: Trung tâm Học liệu Trường Đại học Cần Thơ
LEADER 01175nam a2200229Ia 4500
001 CTU_112549
008 210402s9999 xx 000 0 und d
020 |c 50000 
082 |a 507 
082 |b Kh308 
100 |a Phạm, Văn Khiết 
245 0 |a Hỏi đáp khoa học : 
245 0 |b Khoa học gắn liền với thực tiễn (Cuốn sổ tay của mọi đối tượng trong học tập và nghiên cứu) 
245 0 |c Phạm Văn Khiết 
260 |a Hà Nội 
260 |b Văn hóa Thông tin 
260 |c 2006 
520 |a Quyển sách nêu lên và giải tích 2000 vấn đề cốt lõi về vật lý, hóa học và công nghệ, thực sự là cuốn sách gợi hứng thú cho mọi người khi cần dùng ở nhà, ở trường, nhất là đối với học sinh và sinh vên cần thực hiện các báo cáo chuyên đề, đề án, luận văn, các bài thực tập. 
650 |a Science 
650 |x Study and teaching 
904 |i Minh 
980 |a Trung tâm Học liệu Trường Đại học Cần Thơ